| 000 | 01154cam a22002054a 4500 | ||
|---|---|---|---|
| 005 | 20250605164205.0 | ||
| 008 | 250528s ||||||||||||||||||||||||d | ||
| 035 | _a19925 | ||
| 020 | _a9604312162 | ||
| 040 |
_aGR-AtMCL _bgre _dGR-AtMCL _eAACR2 |
||
| 245 | 1 | _aΓεωγραφικά Συστήματα Πληροφοριών | |
| 260 |
_bΖήτη, _c1996 |
||
| 300 | _a302 | ||
| 505 | 0 | _aΠληροφορίες - Πληροφοριακό Περιβάλλον και Συστήματα, Συστήματα Πληροφοριών: Γεωγραφικά - Γης / Κτηματολογίου, Γ.Σ.Π./Σ.Π.Γ. και Ανάπτυξη, Γεωγραφικά Δεδομένα μοντέλα και Δομές. | |
| 520 | _aΠληροφορίες - Πληροφοριακό Περιβάλλον και Συστήματα, Συστήματα Πληροφοριών: Γεωγραφικά - Γης / Κτηματολογίου, Γ.Σ.Π./Σ.Π.Γ. και Ανάπτυξη, Γεωγραφικά Δεδομένα μοντέλα και Δομές. | ||
| 700 | 1 |
_aΜανιάτης Γιάννης _96080 |
|
| 942 | _cBK | ||
| 999 |
_c5165 _d5165 |
||